000
00375nam a2200133Ia 4500
008
151001s9999||||xx |||||||||||||| ||und||
100
_a
अविनाश भट्ट
245
_a
विक्रम आणि वेताळ
250
_a
1
260
_b
पुष्प प्रकाशन पुणे
260
_c
2002
300
_a
32
365
_b
24
999
_c
980496
_d
980493